000 00462caa a22001692a 4500
001 005593
003 AR-FADEU
008 311216n########xxu####################dd
092 _a401.9
_bH236
100 _aEly, Richard
245 _aSocialization across contexts
300 _aPP. 251-270
500 _aEn: The Handbook of child language /ed. Paul Fletcher. Oxford : Blackwell, 1995
700 _aJean Berko, Gleason
546 _aInglés
942 _cBDGR
999 _c11415
_d11415